| 000 | 01030nam a2200289Ia 4500 | ||
|---|---|---|---|
| 003 | OSt | ||
| 005 | 20221005110419.0 | ||
| 006 | a|||||r|||| 00| 0 | ||
| 007 | ta | ||
| 008 | 221004b |||||||| |||| 00| 0 hin d | ||
| 020 |
_a9789385054020 (hbk) _cIndian Rupees 400 |
||
| 024 | _a33710 | ||
| 037 |
_bGift, 25/09/2017, _cTextual |
||
| 040 |
_aCRL _cCRL _bhin |
||
| 041 |
_2hin _ahin |
||
| 082 | _aO152,6N50w, Q5 | ||
| 100 | _aनागर, विष्णु, ले. | ||
| 245 | 0 | _aमेरे साक्षात्कार | |
| 246 | _aMere sākṣhātkāra | ||
| 260 |
_aनई दिल्ली _bकिताबघर प्रकाशन भारत _c2015 |
||
| 300 |
_a232पृ0 _ccm. |
||
| 650 | _a हिन्दी साहित्य | ||
| 650 |
_a नागर, विष्णु _9156353 |
||
| 650 | _aहिन्दी निबंध | ||
| 942 |
_hO152,6N50w, Q5 _cTEXL _2cc |
||
| 999 |
_c1018731 _d1018731 |
||